| 000 | 00562pab a2200193 454500 | ||
|---|---|---|---|
| 008 | 180718b2010 xxu||||| |||| 00| 0 eng d | ||
| 100 | _aRomero, Roxana Gutierrez | ||
| 245 | _aTo what extent does deprivation affect the performance of english local authorities? | ||
| 260 | _c2010 | ||
| 300 | _ap.137-70. | ||
| 362 | _aMar | ||
| 650 | _aLocal government - Great Britain | ||
| 650 | _aLocal government | ||
| 700 | _aMcLean, Iain | ||
| 700 | _aHaubrich, Dirk | ||
| 773 | _aInternational Review of Administrative Sciences | ||
| 908 | _aN | ||
| 909 | _a86662 | ||
| 999 |
_c86662 _d86662 |
||